Uj gyógyszerész

Správa o prenájme tzv.lekárne Szekerák [lekáreň niesla meno svätého Juraja (Szent György)] v Humennom v auguste 1909. Prenajímateľom je lekárnik Ernest (Ernő) Pető.

Podrobná bibliografia
Médium: Článok
Jazyk:Hungarian
Témy:
Zdroj: 1. Felvidéki Hirlap 1. Roč. 2, č. 31 (01.08.1909) s. 2
LEADER 00914nab#a2200301#ar4500
001 000073341
003 SVKKK
005 20040107xxxxxxx.
008 06 c xo huno
FMT
038 |a SVKKK 
040 |a SVKKK  |b slo  |e AACR2 
041 0 |a hun 
044 |a xo  |c SK 
080 |a 615 
242 1 0 |a Nový lekárnik 
245 0 0 |a Uj gyógyszerész 
500 |a mikrofilm 
520 2 |a Správa o prenájme tzv.lekárne Szekerák [lekáreň niesla meno svätého Juraja (Szent György)] v Humennom v auguste 1909. Prenajímateľom je lekárnik Ernest (Ernő) Pető. 
650 0 4 |a Pető, Ernest (lekárnik) - Svätý Juraj, Humenné (lekáreň) - prenájom - Humenné - august 1909 - správy 
773 0 |t Felvidéki Hirlap  |g Roč. 2, č. 31 (01.08.1909) s. 2 
957 |a Humenné 
958 |a DG 
958 |a SK 
974 |a Ba  |d 20040107 
992 |a RBX 
BAS
998 |a RETRO